| 000 | 00791nam a2200217 a 4500 | ||
|---|---|---|---|
| 003 | PILC | ||
| 005 | 20160104110903.0 | ||
| 008 | 090923s ph 000 0 eng d | ||
| 020 | _a9789710021505 | ||
| 050 | 0 | 0 |
_aHD 4905 _b.Sa26 2008 |
| 100 | 1 | _aSalumbides, Maloi Malibiran. | |
| 245 | 1 | 0 |
_aSmart steps for everyday workplace success / _cMaloi Malibiran-Salumbides ; [foreword by Francis J. Kong]. |
| 246 | 3 | 0 | _aPro tips : smart steps for everyday workplace success. |
| 260 |
_aMakati City : _bChurch Strengthening Ministry, _c2008. |
||
| 300 |
_axvii, 213 pages : _billustrations ; _c16 cm. |
||
| 440 | 0 | _aPro tips. | |
| 650 | 0 |
_aWork _xMoral and ethical aspects. |
|
| 650 | 0 |
_aEmployees _xConduct of life. |
|
| 650 | 0 |
_aWork _xReligious aspects _xChristianity. |
|
| 942 |
_2lcc _cBK _kFOR |
||
| 999 |
_c289025 _d289025 |
||